Episteme: historia de la filosofía

Gardado en:
Detalles Bibliográficos
Main Authors: Echano Basaldua, Javier de (Author), Martínez Martínez, Eduardo (Author), Montarelo Sanz, Pedro (Author), Navlet Armenta, Isabel (Author)
Formato: Libro
Idioma:Lingua castelá
Publicado: Barcelona Vicens Vives 1999
Edición:1a. ed
Series:Bachillerato Segundo Curso
Subjects:
Tags: Engadir etiqueta
Sen Etiquetas, Sexa o primeiro en etiquetar este rexistro!

MARC

LEADER 00000nam a2200000 a 4500
001 UCI9790
003 CL-VaPUC
005 20240306121830.0
008 081212e19990000SP |||||||||||||||||spa|d
999 |c 332257  |d 332255 
020 |a 843165032X 
040 |c Pontificia Universidad Católica de Valparaíso 
082 0 4 |a 180  |b ECH  |2 21 
100 0 |a Echano Basaldua, Javier de  |e author  |9 533726 
245 1 0 |a Episteme: historia de la filosofía 
250 |a 1a. ed 
260 |a Barcelona  |b Vicens Vives  |c 1999 
300 |a 409 p 
490 0 |a Bachillerato Segundo Curso 
583 |a last modification  |c 20081212 00:00:00  |k Rodrigo Vera 
650 0 |a Historia de la filosofía  |9 256920 
650 0 |a Filosofía antigua   |9 255705 
650 0 |a Filosofía medieval  |9 256245 
650 0 |a Filosofía moderna  |9 258121 
650 0 |a Filosofía  |9 887539  |y S. XIX  |y S. XX 
700 0 |a Martínez Martínez, Eduardo  |e author  |9 533727 
700 0 |a Montarelo Sanz, Pedro  |e author  |9 533728 
700 0 |a Navlet Armenta, Isabel  |e author  |9 533729 
942 |c BK  |2 ddc 
945 |d 20081212 00:00:00  |a rbrito 
952 |0 0  |1 0  |4 0  |6 180_000000000000000_ECH_1999  |7 0  |8 R  |9 419790  |a BIBGIM  |b BIBGIM  |d 2019-11-22  |i 4503724  |o 180 ECH 1999  |p 4503724  |r 2025-01-15  |w 2019-11-22  |y BK_R  |k SSL 
952 |0 0  |1 0  |4 0  |6 180_000000000000000_ECH_1999  |7 0  |8 R  |9 419791  |a BIBGIM  |b BIBGIM  |d 2019-11-22  |i 4503732  |o 180 ECH 1999  |p 4503732  |r 2025-01-15  |w 2019-11-22  |y BK_R  |k SSL